| 000 | 01075nam a2200193 a 4500 | ||
|---|---|---|---|
| 001 | 000742257 | ||
| 003 | AM-YeHGA | ||
| 005 | 20250617143413.0 | ||
| 008 | 100610s1984 ru r 000 0 rus d | ||
| 040 | _aAM-YeHGA | ||
| 041 | 0 | _arus | |
| 245 | 0 | 0 |
_aСоциальные проблемы совершенствования общества развитого социализма : _bМежвузовский сборник научных трудов / _cВладимир. гос. пед. ин-т им. П. И. Лебедева-Полянского; [Редкол.: В. С. Евликов (отв. ред.) и др.]. |
| 260 |
_aВладимир : _bВГПИ, _c1984. |
||
| 300 |
_a110 с. ; _c20 см. |
||
| 653 | 0 | _aРазвитое социалистическое общество - Сборники | |
| 700 | 1 |
_aЕвликов, Владимир Сергеевич _eред. _4edt |
|
| 710 | 2 | _aВладимирский государственный педагогический институт им. П.И. Лебедева-Полянского | |
| 090 | _c276156 | ||
| 999 |
_c274512 _d274512 |
||